Memoria relativa a un nuevo suspensorio de miembro y testículos / (Record no. 176417)

MARC details
000 -LEADER
campo de control de longitud fija 00692nam a22001935i 4500
001 - NÚMERO DE CONTROL
campo de control 176417
003 - IDENTIFICADOR DE NÚMERO DE CONTROL
campo de control ES-MaACL
005 - FECHA Y HORA DE LA ÚLTIMA TRANSACCIÓN
campo de control 20250614063109.0
008 - DATOS DE LONGITUD FIJA--INFORMACIÓN GENERAL
campo de control de longitud fija 110113n1890 sp |||| | spa d
100 1# - ENTRADA PRINCIPAL--NOMBRE DE PERSONA
Nombre de persona Quilis Cortell, José María.
9 (RLIN) 144744
Término indicativo de función/relación Autor
245 10 - MENCIÓN DEL TÍTULO
Título Memoria relativa a un nuevo suspensorio de miembro y testículos /
Mención de responsabilidad, etc. inventado por José María Quilis Cortell
260 ## - PUBLICACIÓN, DISTRIBUCIÓN, ETC.
Lugar de publicación, distribución, etc. Valencia :
Nombre del editor, distribuidor, etc. [s.n.,
Fecha de publicación, distribución, etc. ca. 1890] (
Fabricante (Imp. y Lit. de J. Berenguer)
300 ## - DESCRIPCIÓN FÍSICA
Extensión 11 p. :
Otras características físicas il. ;
Dimensiones 20 cm.
650 #7 - PUNTO DE ACCESO ADICIONAL DE MATERIA--TÉRMINO DE MATERIA
Término de materia o nombre geográfico como elemento de entrada Aparato genital masculino
9 (RLIN) 147178
852 ## - LOCALIZACIÓN
Ubicación ES-MaACL
Número de control de estantería T-427-F-9
Ubicación en estantería Depósito folletos
942 ## - ELEMENTOS DE ENTRADA SECUNDARIOS (KOHA)
Fuente del sistema de clasificación o colocación Clasificación decimal universal
Tipo de ítem Koha Folleto
Suprimir en OPAC No
Holdings
Estatus retirado Estado de pérdida Estado de daño No para préstamo Colección Biblioteca de origen Biblioteca actual Ubicación en estantería Fecha de adquisición Fuente de adquisición Total de préstamos Signatura topográfica completa Código de barras Visto por última vez Precio de reemplazo Tipo de ítem Koha
        Colección de folletos Biblioteca del Ateneo de Madrid Biblioteca del Ateneo de Madrid Depósito folletos 13/01/2011     T-427-F-9 1185276 23/02/2023 23/02/2023 Folleto